Le Point №2157. 16 janvier 2014. (ბიბ.ჩანაწერი № 43853)
[ მარტივი ფორმატი ]
| 000 -LEADER | |
|---|---|
| fixed length control field | 00263nam a2200121Ia 4500 |
| 001 - CONTROL NUMBER | |
| control field | 10601 |
| 003 - CONTROL NUMBER IDENTIFIER | |
| control field | GE_BSU |
| 008 - FIXED-LENGTH DATA ELEMENTS--GENERAL INFORMATION | |
| fixed length control field | 181216s||||||||xx |||||||||||||| ||und|| |
| 040 ## - CATALOGING SOURCE | |
| Transcribing agency | GE_BSU |
| 245 ## - TITLE STATEMENT | |
| Title | Le Point №2157. 16 janvier 2014. |
| 653 ## - INDEX TERM--UNCONTROLLED | |
| Uncontrolled term | Le Point |
| 942 ## - ADDED ENTRY ELEMENTS (KOHA) | |
| Koha item type | პერიოდიკა |
არაა ხელმისაწვდომი ეგზემპლარები.
